000 01234nam a2200265Ia 4500
999 _c56644
_d56644
001 23766
003 GE_BSU
005 20221201143303.0
008 181216s1984ge xx |||||||||||||| ||geo||
040 _cGE_BSU
041 _ageo
080 _a94(479.22) ჭ-34
100 _aჭელიძე, ვახტანგ
_911671
245 _aქართლის ცხოვრების ქრონიკები :
_bტ. 3-4. /
_cვახტანგ ჭელიძე, რედ. ი. ზაალიშვილი. მხატვ. დ. დუნდუა
250 _aმე-2 გამოც.
264 _aთბილისი :
_bსაბჭ. საქართველო,
_c1984
300 _a771 გვ.:
_b 21სმ.
541 _h5ლ. 80თ.
653 _aმოთხრობილი ვახტანგ ჭელიძის მიერ.
653 _aსაქართველოს ისტორია
653 _aქართლის ცხოვრების ქრონიკები. ტ. 3-4.
700 _aზაალიშვილი, ი
_eრედაქტორი
_914884
700 _aდუნდუა, დ
_eმხატვარი
_94812
942 _cBK
_2udc